[Event "GER-ch Blitz 2019"]
[Site "Magdeburg"]
[Date "2019.05.25"]
[Round "15.12"]
[White "Hirneise, Jens"]
[Black "Schulze, Marc"]
[Result "1/2-1/2"]
[WhiteElo "2375"]
[BlackElo "2220"]
[Annotator "NA"]
[PlyCount "89"]
[EventDate "2019.05.25"]
[EventType "tourn"]
[EventCountry "GER"]
[Tiebreak "Number of wins+Number of black wins"]
[SourceTitle "playchess.com"]
[Source "ChessBase"]
[SourceQuality "1"]
[TimeControl "180+2"]

1. e4 {[%emt 0:00:00]} c5 {[%emt 0:00:00]} 2. Nf3 {[%emt 0:00:00]} g6 {[%emt 0:
00:00]} 3. d4 {[%emt 0:00:01]} cxd4 4. Nxd4 {[%emt 0:00:01]} Bg7 {[%emt 0:00:
01]} 5. Nc3 {[%emt 0:00:01]} Nc6 {[%emt 0:00:00]} 6. Be3 {[%emt 0:00:01]} Nf6 {
[%emt 0:00:02]} 7. Bc4 {[%emt 0:00:01]} Qa5 {[%emt 0:00:01]} 8. O-O {[%emt 0:
00:01]} O-O {[%emt 0:00:01]} 9. Bb3 {[%emt 0:00:01]} d6 {[%emt 0:00:03]} 10. h3
{[%emt 0:00:02]} Bd7 {[%emt 0:00:01]} 11. Re1 {[%emt 0:00:01]} Rac8 {[%emt 0:
00:03]} 12. f4 {[%emt 0:00:25]} Rfe8 {[%emt 0:00:20]} 13. f5 {[%emt 0:00:17]}
Ne5 {[%emt 0:00:06]} 14. Rf1 {[%emt 0:00:17]} Nc4 {[%emt 0:00:04]} 15. fxg6 {
[%emt 0:00:24]} hxg6 {[%emt 0:00:14]} 16. Bxc4 {[%emt 0:00:12]} Rxc4 {[%emt 0:
00:01]} 17. Qd3 {[%emt 0:00:07]} Rec8 {[%emt 0:00:06]} 18. Nb3 {[%emt 0:00:08]}
Qh5 {[%emt 0:00:22]} 19. Bd4 {[%emt 0:00:09]} b6 {[%emt 0:00:26]} 20. Bxf6 {
[%emt 0:00:13]} exf6 {[%emt 0:00:10]} 21. Nd5 {[%emt 0:00:02]} Qe5 {[%emt 0:00:
10]} 22. c3 {[%emt 0:00:18]} Rxe4 {[%emt 0:00:17]} 23. Nxf6+ {[%emt 0:00:19]}
Bxf6 {[%emt 0:00:01]} 24. Rxf6 {[%emt 0:00:01]} Re1+ {[%emt 0:00:12]} 25. Rxe1
{[%emt 0:00:10]} Qxe1+ {[%emt 0:00:01]} 26. Rf1 {[%emt 0:00:01]} Qe5 {[%emt 0:
00:10]} 27. Rd1 {[%emt 0:00:04]} Rc6 {[%emt 0:00:17]} 28. Nd4 {[%emt 0:00:01]}
Rc8 {[%emt 0:00:07]} 29. Nf3 {[%emt 0:00:01]} Qc5+ {[%emt 0:00:01]} 30. Kh1 {
[%emt 0:00:18]} Be6 {[%emt 0:00:03]} 31. Qxd6 {[%emt 0:00:11]} Qxd6 {[%emt 0:
00:18]} 32. Rxd6 {[%emt 0:00:01]} Bxa2 {[%emt 0:00:01]} 33. Rd7 {[%emt 0:00:01]
} a5 {[%emt 0:00:05]} 34. Rb7 {[%emt 0:00:05]} Rc6 {[%emt 0:00:07]} 35. Nd4 {
[%emt 0:00:06]} Rd6 {[%emt 0:00:02]} 36. Kh2 {[%emt 0:00:02]} Bd5 {[%emt 0:00:
01]} 37. Rb8+ {[%emt 0:00:03]} Kg7 {[%emt 0:00:02]} 38. Kg3 {[%emt 0:00:01]}
Rf6 {[%emt 0:00:05]} 39. Rd8 {[%emt 0:00:05]} Be4 {[%emt 0:00:03]} 40. Rd7 {
[%emt 0:00:03]} Bc6 {[%emt 0:00:03]} 41. Nxc6 {[%emt 0:00:02]} Rxc6 {[%emt 0:
00:01]} 42. Kf3 {[%emt 0:00:02]} Rc5 43. Rd4 {[%emt 0:00:04]} Rb5 {[%emt 0:00:
08]} 44. Rd2 {[%emt 0:00:01]} Kf6 {[%emt 0:00:03]} 45. Ke4 {Ke5+} 1/2-1/2

[Event "GER-ch Blitz 2019"]
[Site "Magdeburg"]
[Date "2019.05.25"]
[Round "15.13"]
[White "Zelbel, Patrick"]
[Black "Frischmann, Rick"]
[Result "1-0"]
[WhiteElo "2439"]
[BlackElo "2320"]
[Annotator "NA"]
[PlyCount "99"]
[EventDate "2019.05.25"]
[EventType "tourn"]
[EventCountry "GER"]
[Tiebreak "Number of wins+Number of black wins"]
[SourceTitle "playchess.com"]
[Source "ChessBase"]
[SourceQuality "1"]
[TimeControl "180+2"]

1. e4 {[%emt 0:00:00]} c5 {[%emt 0:00:00]} 2. c3 {[%emt 0:00:00]} Nf6 {[%emt 0:
00:00]} 3. e5 {[%emt 0:00:00]} Nd5 {[%emt 0:00:01]} 4. Bc4 {[%emt 0:00:00]} Nb6
{[%emt 0:00:03]} 5. Bb3 {[%emt 0:00:00]} d5 {[%emt 0:00:18]} 6. exd6 {[%emt 0:
00:01]} Qxd6 {[%emt 0:00:02]} 7. Nf3 {[%emt 0:00:01]} Nc6 {[%emt 0:00:04]} 8.
O-O {[%emt 0:00:04]} Be6 {[%emt 0:00:01]} 9. Bxe6 {[%emt 0:00:03]} Qxe6 {
[%emt 0:00:01]} 10. a4 {[%emt 0:00:01]} Qd7 {[%emt 0:00:25]} 11. a5 {[%emt 0:
00:22]} Nc8 {[%emt 0:00:07]} 12. a6 {[%emt 0:00:07]} b6 {[%emt 0:00:01]} 13.
Na3 {[%emt 0:00:06]} e6 {[%emt 0:00:03]} 14. Qe2 {[%emt 0:00:33]} Be7 {[%emt 0:
00:04]} 15. d4 {[%emt 0:00:04]} cxd4 16. Rd1 Bf6 {[%emt 0:00:22]} 17. Nb5 {
[%emt 0:00:05]} O-O {[%emt 0:00:08]} 18. Nbxd4 {[%emt 0:00:08]} Nxd4 {[%emt 0:
00:02]} 19. Nxd4 Bxd4 {[%emt 0:00:20]} 20. Rxd4 {[%emt 0:00:02]} Qc6 {[%emt 0:
00:00]} 21. Qc4 {[%emt 0:00:43]} Ne7 {[%emt 0:00:05]} 22. Bg5 {[%emt 0:00:12]}
Qxc4 {[%emt 0:00:09]} 23. Rxc4 {[%emt 0:00:01]} Nd5 {[%emt 0:00:01]} 24. Kf1 {
[%emt 0:00:16]} f6 {[%emt 0:00:07]} 25. Be3 {[%emt 0:00:05]} Rac8 {[%emt 0:00:
01]} 26. Rxc8 {[%emt 0:00:03]} Rxc8 {[%emt 0:00:02]} 27. Ke2 {[%emt 0:00:03]}
Kf7 {[%emt 0:00:04]} 28. Kd3 {[%emt 0:00:08]} e5 {[%emt 0:00:25]} 29. c4 {
[%emt 0:00:15]} Nc7 {[%emt 0:00:29]} 30. b4 {[%emt 0:00:03]} Ne6 {[%emt 0:00:
00]} 31. Kc3 {[%emt 0:00:06]} f5 {[%emt 0:00:01]} 32. Rd1 {[%emt 0:00:04]} Ke7
{[%emt 0:00:05]} 33. f3 {[%emt 0:00:03]} g5 {[%emt 0:00:05]} 34. Rd5 {[%emt 0:
00:01]} f4 {[%emt 0:00:10]} 35. Bf2 {[%emt 0:00:03]} e4 {[%emt 0:00:11]} 36.
fxe4 {[%emt 0:00:02]} h5 {[%emt 0:00:02]} 37. h4 {[%emt 0:00:05]} gxh4 {
[%emt 0:00:11]} 38. Rxh5 {[%emt 0:00:01]} Rg8 {[%emt 0:00:01]} 39. Bxh4+ {
[%emt 0:00:02]} Kd6 {[%emt 0:00:01]} 40. e5+ {[%emt 0:00:17]} Kc6 {[%emt 0:00:
02]} 41. b5+ {[%emt 0:00:01]} Kd7 {[%emt 0:00:01]} 42. Rh7+ {[%emt 0:00:01]}
Kc8 {[%emt 0:00:01]} 43. Rxa7 Rxg2 {[%emt 0:00:01]} 44. Re7 {[%emt 0:00:06]}
Nc5 {[%emt 0:00:00]} 45. a7 {[%emt 0:00:02]} Ra2 {[%emt 0:00:02]} 46. Bf2 {
[%emt 0:00:06]} Ne4+ {[%emt 0:00:01]} 47. Kb3 {[%emt 0:00:00]} Ra1 {[%emt 0:00:
10]} 48. Bxb6 {[%emt 0:00:02]} Nd2+ {[%emt 0:00:01]} 49. Kc3 {[%emt 0:00:02]}
f3 {[%emt 0:00:03]} 50. Kxd2 {[%emt 0:00:01]} 1-0

[Event "GER-ch Blitz 2019"]
[Site "Magdeburg"]
[Date "2019.05.25"]
[Round "15.14"]
[White "Zuyev, Igor"]
[Black "Kopylov, Daniel"]
[Result "1-0"]
[WhiteElo "2447"]
[BlackElo "2263"]
[Annotator "NA"]
[PlyCount "69"]
[EventDate "2019.05.25"]
[EventType "tourn"]
[EventCountry "GER"]
[Tiebreak "Number of wins+Number of black wins"]
[SourceTitle "playchess.com"]
[Source "ChessBase"]
[SourceQuality "1"]
[TimeControl "180+2"]

1. e4 {[%emt 0:00:00]} c5 {[%emt 0:00:00]} 2. Nc3 {[%emt 0:00:00]} a6 {[%emt 0:
00:00]} 3. g3 {[%emt 0:00:08]} b5 {[%emt 0:00:03]} 4. Nf3 {[%emt 0:00:06]} Bb7
{[%emt 0:00:02]} 5. Bg2 {[%emt 0:00:05]} b4 {[%emt 0:00:03]} 6. Ne2 {[%emt 0:
00:05]} Bxe4 {[%emt 0:00:09]} 7. d3 {[%emt 0:00:05]} Bb7 {[%emt 0:00:06]} 8. a3
{[%emt 0:00:04]} e6 {[%emt 0:00:16]} 9. axb4 {[%emt 0:00:05]} cxb4 {[%emt 0:00:
01]} 10. Bf4 {[%emt 0:00:08]} Nf6 {[%emt 0:00:04]} 11. c4 {[%emt 0:00:05]} bxc3
{[%emt 0:00:19]} 12. bxc3 {[%emt 0:00:04]} Be7 {[%emt 0:00:18]} 13. Rb1 {
[%emt 0:00:16]} Bc6 {[%emt 0:00:13]} 14. O-O {[%emt 0:00:06]} O-O {[%emt 0:00:
02]} 15. Ned4 {[%emt 0:00:04]} Bxf3 {[%emt 0:00:12]} 16. Bxf3 {[%emt 0:00:03]}
d5 {[%emt 0:00:10]} 17. Rxb8 {[%emt 0:00:07]} Rxb8 {[%emt 0:00:07]} 18. Nc6 {
[%emt 0:00:02]} Qb6 {[%emt 0:00:37]} 19. Nxe7+ {[%emt 0:00:07]} Kh8 {[%emt 0:
00:02]} 20. Bxb8 {[%emt 0:00:02]} Rxb8 {[%emt 0:00:18]} 21. Qa4 {[%emt 0:00:04]
} Qc5 {[%emt 0:00:06]} 22. Nc6 {[%emt 0:00:06]} Rc8 {[%emt 0:00:06]} 23. Ne5 {
[%emt 0:00:07]} Qxc3 {[%emt 0:00:14]} 24. Qxa6 {[%emt 0:00:07]} Rf8 {[%emt 0:
00:04]} 25. Qa1 {[%emt 0:00:09]} Qb4 {[%emt 0:00:05]} 26. Rb1 {[%emt 0:00:06]}
Qd2 {[%emt 0:00:03]} 27. Rb7 {[%emt 0:00:06]} Kg8 {[%emt 0:00:02]} 28. Kg2 {
[%emt 0:00:08]} Qg5 {[%emt 0:00:04]} 29. d4 {[%emt 0:00:05]} Ne8 {[%emt 0:00:
07]} 30. Qa7 {[%emt 0:00:08]} Nd6 {[%emt 0:00:01]} 31. Rb8 {[%emt 0:00:07]} Nc8
{[%emt 0:00:05]} 32. Rxc8 {[%emt 0:00:10]} Rxc8 {[%emt 0:00:02]} 33. Qxf7+ Kh8
34. Qxe6 {[%emt 0:00:17]} Rf8 {[%emt 0:00:01]} 35. Nf7+ {[%emt 0:00:09]} 1-0

[Event "GER-ch Blitz 2019"]
[Site "Magdeburg"]
[Date "2019.05.25"]
[Round "15.15"]
[White "Schmaltz, Roland"]
[Black "Stein, Robert"]
[Result "0-1"]
[WhiteElo "2461"]
[BlackElo "2318"]
[Annotator "ChessBase"]
[PlyCount "86"]
[EventDate "2019.05.25"]
[EventType "tourn"]
[EventCountry "GER"]
[Tiebreak "Number of wins+Number of black wins"]
[SourceTitle "playchess.com"]
[Source "ChessBase"]
[SourceQuality "1"]
[TimeControl "180+2"]

1. e4 {[%emt 0:00:00]} e5 {[%emt 0:00:00]} 2. Nf3 {[%emt 0:00:00]} Nc6 {
[%emt 0:00:00]} 3. Bb5 {[%emt 0:00:00]} a6 {[%emt 0:00:00]} 4. Ba4 {[%emt 0:00:
00]} Nf6 5. d3 b5 {[%emt 0:00:04]} 6. Bb3 {[%emt 0:00:01]} Be7 {[%emt 0:00:03]}
7. O-O {[%emt 0:00:03]} d6 {[%emt 0:00:02]} 8. c3 {[%emt 0:00:01]} O-O {
[%emt 0:00:02]} 9. Nbd2 {[%emt 0:00:02]} Be6 {[%emt 0:00:18]} 10. Re1 {[%emt 0:
00:04]} h6 {[%emt 0:00:02]} 11. Nf1 {[%emt 0:00:05]} Qd7 {[%emt 0:00:03]} 12.
Bc2 {[%emt 0:00:07]} Rfe8 {[%emt 0:00:04]} 13. d4 {[%emt 0:00:05]} exd4 {
[%emt 0:00:22]} 14. cxd4 {[%emt 0:00:02]} Nb4 {[%emt 0:00:01]} 15. Bb1 {
[%emt 0:00:06]} c5 {[%emt 0:00:02]} 16. d5 {[%emt 0:00:03]} Nbxd5 {[%emt 0:00:
26]} 17. exd5 {[%emt 0:00:02]} Bxd5 {[%emt 0:00:01]} 18. a4 {[%emt 0:00:16]}
Qb7 {[%emt 0:00:07]} 19. Ra3 {[%emt 0:00:11]} Bf8 {[%emt 0:00:03]} 20. Rxe8 {
[%emt 0:00:05]} Rxe8 {[%emt 0:00:01]} 21. axb5 {[%emt 0:00:02]} axb5 {[%emt 0:
00:01]} 22. Bf4 {[%emt 0:00:06]} Rd8 {[%emt 0:00:13]} 23. Ne3 {[%emt 0:00:12]}
Bc6 {[%emt 0:00:07]} 24. Nf5 {[%emt 0:00:07]} d5 {[%emt 0:00:00]} 25. Ne5 {
[%emt 0:00:04]} d4 {[%emt 0:00:24]} 26. Rg3 {[%emt 0:00:05]} Kh8 {[%emt 0:00:
00]} 27. Nxc6 {[%emt 0:00:28]} Qxc6 {[%emt 0:00:02]} 28. Be5 {[%emt 0:00:04]}
Qe6 {[%emt 0:00:13]} 29. f4 {[%emt 0:00:23]} g6 {[%emt 0:00:30]} 30. Nh4 {
[%emt 0:00:22]} Bg7 {[%emt 0:00:01]} 31. Nf3 {[%emt 0:00:06]} Nh5 {[%emt 0:00:
25]} 32. f5 {[%emt 0:00:07]} Qe7 {[%emt 0:00:07]} 33. Bxg7+ {[%emt 0:00:03]}
Kxg7 {[%emt 0:00:02]} 34. Rg4 {[%emt 0:00:10]} Qe3+ {[%emt 0:00:00]} 35. Kh1 {
[%emt 0:00:04]} Nf6 {[%emt 0:00:01]} 36. Rg3 {[%emt 0:00:07]} Nh5 {[%emt 0:00:
06]} 37. Rg4 {[%emt 0:00:20]} Nf6 {[%emt 0:00:01]} 38. Rh4 {[%emt 0:00:02]} g5
{[%emt 0:00:02]} 39. Rh3 {[%emt 0:00:01]} Ng4 {[%emt 0:00:02]} 40. f6+ {
[%emt 0:00:03]} Kg8 {[%emt 0:00:04]} 41. Qc2 {[%emt 0:00:08]} Nf2+ 42. Kg1
Nxh3+ 43. Kf1 d3 {[%emt 0:00:07]} 0-1

[Event "GER-ch Blitz 2019"]
[Site "Magdeburg"]
[Date "2019.05.25"]
[Round "16.1"]
[White "Voege, Tobias"]
[Black "Gustafsson, Jan"]
[Result "0-1"]
[WhiteElo "2294"]
[BlackElo "2639"]
[Annotator "ChessBase"]
[PlyCount "92"]
[EventDate "2019.05.25"]
[EventType "tourn"]
[EventCountry "GER"]
[Tiebreak "Number of wins+Number of black wins"]
[SourceTitle "playchess.com"]
[Source "ChessBase"]
[SourceQuality "1"]
[TimeControl "180+2"]

1. d4 {[%emt 0:00:00]} Nf6 {[%emt 0:00:00]} 2. c4 {[%emt 0:00:00]} e6 {[%emt 0:
00:01]} 3. Nc3 {[%emt 0:00:01]} Bb4 {[%emt 0:00:01]} 4. Nf3 {[%emt 0:00:01]}
O-O {[%emt 0:00:03]} 5. Bg5 {[%emt 0:00:01]} h6 {[%emt 0:00:04]} 6. Bh4 {
[%emt 0:00:01]} c5 {[%emt 0:00:01]} 7. e3 {[%emt 0:00:01]} cxd4 {[%emt 0:00:05]
} 8. exd4 {[%emt 0:00:01]} d5 {[%emt 0:00:02]} 9. Rc1 {[%emt 0:00:05]} Nc6 {
[%emt 0:00:15]} 10. cxd5 {[%emt 0:00:18]} exd5 {[%emt 0:00:08]} 11. Be2 {
[%emt 0:00:01]} g5 {[%emt 0:00:06]} 12. Bg3 {[%emt 0:00:02]} Ne4 {[%emt 0:00:
03]} 13. O-O {[%emt 0:00:09]} Bf5 {[%emt 0:00:07]} 14. Ne5 {[%emt 0:00:56]}
Nxc3 {[%emt 0:00:05]} 15. bxc3 {[%emt 0:00:01]} Ba3 {[%emt 0:00:01]} 16. Rb1 {
[%emt 0:00:02]} Bxb1 {[%emt 0:00:03]} 17. Qxb1 {[%emt 0:00:01]} Nxe5 {[%emt 0:
00:06]} 18. Bxe5 {[%emt 0:00:04]} Qb6 {[%emt 0:00:02]} 19. Qf5 {[%emt 0:00:10]}
Qe6 {[%emt 0:00:06]} 20. Qc2 {[%emt 0:00:25]} Bd6 {[%emt 0:00:10]} 21. Bxd6 {
[%emt 0:00:51]} Qxd6 {[%emt 0:00:01]} 22. h4 gxh4 {[%emt 0:00:13]} 23. Bf3 {
[%emt 0:00:07]} b6 {[%emt 0:00:14]} 24. Qf5 {[%emt 0:00:03]} Rad8 25. Qg4+ {
[%emt 0:00:12]} Qg6 {[%emt 0:00:07]} 26. Qxh4 {[%emt 0:00:01]} Qg5 {[%emt 0:00:
09]} 27. Qh3 {[%emt 0:00:03]} Rfe8 {[%emt 0:00:03]} 28. Bh5 {[%emt 0:00:09]}
Re7 {[%emt 0:00:05]} 29. f4 {[%emt 0:00:03]} Qf6 {[%emt 0:00:09]} 30. Rf3 {
[%emt 0:00:06]} Kf8 {[%emt 0:00:06]} 31. Kh2 Rde8 {[%emt 0:00:10]} 32. Bg4 {
[%emt 0:00:03]} Re4 {[%emt 0:00:06]} 33. Bf5 {[%emt 0:00:02]} Re2 {[%emt 0:00:
03]} 34. Rg3 Rxa2 {[%emt 0:00:10]} 35. Qg4 {[%emt 0:00:07]} Ke7 {[%emt 0:00:12]
} 36. Bb1 {[%emt 0:00:01]} Rb2 37. Bd3 Kd8 {[%emt 0:00:15]} 38. Ba6 {[%emt 0:
00:04]} Qe6 {[%emt 0:00:04]} 39. Qh4+ {[%emt 0:00:01]} Kc7 {[%emt 0:00:02]} 40.
Rf3 {[%emt 0:00:02]} Rg8 {[%emt 0:00:02]} 41. Rg3 {[%emt 0:00:02]} Rxg3 {
[%emt 0:00:01]} 42. Qxg3 {[%emt 0:00:01]} Qd6 {[%emt 0:00:01]} 43. Qg4 {
[%emt 0:00:02]} b5 44. Bc8 {[%emt 0:00:02]} h5 {[%emt 0:00:07]} 45. Qf5 {
[%emt 0:00:03]} Qg6 {[%emt 0:00:02]} 46. Qh3 {[%emt 0:00:02]} Qxg2+ {[%emt 0:
00:04]} 0-1

[Event "GER-ch Blitz 2019"]
[Site "Magdeburg"]
[Date "2019.05.25"]
[Round "16.2"]
[White "Braeuning, Rudolf Wilhelm"]
[Black "Feuerstack, Aljoscha"]
[Result "0-1"]
[WhiteElo "2285"]
[BlackElo "2441"]
[Annotator "NA"]
[PlyCount "81"]
[EventDate "2019.05.25"]
[EventType "tourn"]
[EventCountry "GER"]
[Tiebreak "Number of wins+Number of black wins"]
[SourceTitle "playchess.com"]
[Source "ChessBase"]
[SourceQuality "1"]
[TimeControl "180+2"]

1. e4 {[%emt 0:00:00]} c6 {[%emt 0:00:00]} 2. d4 {[%emt 0:00:00]} d5 {[%emt 0:
00:00]} 3. exd5 {[%emt 0:00:01]} cxd5 {[%emt 0:00:00]} 4. c4 {[%emt 0:00:01]}
Nf6 {[%emt 0:00:01]} 5. Nc3 {[%emt 0:00:01]} Nc6 {[%emt 0:00:01]} 6. Bg5 {
[%emt 0:00:01]} e6 {[%emt 0:00:01]} 7. c5 {[%emt 0:00:02]} Be7 {[%emt 0:00:19]}
8. Bb5 {[%emt 0:00:03]} O-O {[%emt 0:00:03]} 9. Nf3 {[%emt 0:00:01]} Ne4 {
[%emt 0:00:02]} 10. Bxe7 {[%emt 0:00:03]} Nxe7 {[%emt 0:00:01]} 11. Rc1 {
[%emt 0:00:23]} b6 {[%emt 0:00:34]} 12. c6 {[%emt 0:00:24]} a6 {[%emt 0:00:03]}
13. Bd3 {[%emt 0:00:06]} Nd6 {[%emt 0:00:29]} 14. O-O {[%emt 0:00:23]} Nxc6 {
[%emt 0:00:10]} 15. Nxd5 {[%emt 0:00:18]} Bb7 {[%emt 0:00:35]} 16. Ne3 {
[%emt 0:00:51]} Nb5 {[%emt 0:00:17]} 17. d5 {[%emt 0:00:15]} Nb4 {[%emt 0:00:
07]} 18. Bxb5 {[%emt 0:00:12]} axb5 {[%emt 0:00:02]} 19. dxe6 {[%emt 0:00:03]}
Qxd1 {[%emt 0:00:03]} 20. Rcxd1 {[%emt 0:00:11]} Bxf3 {[%emt 0:00:05]} 21. gxf3
{[%emt 0:00:03]} fxe6 {[%emt 0:00:11]} 22. a3 {[%emt 0:00:02]} Na6 {[%emt 0:00:
10]} 23. Rd6 {[%emt 0:00:03]} b4 {[%emt 0:00:03]} 24. Rxb6 {[%emt 0:00:08]}
bxa3 {[%emt 0:00:01]} 25. bxa3 {[%emt 0:00:01]} Nc5 {[%emt 0:00:07]} 26. Rc1 {
[%emt 0:00:01]} Nd3 {[%emt 0:00:01]} 27. Rc7 {[%emt 0:00:07]} Rf7 {[%emt 0:00:
17]} 28. Rxf7 {[%emt 0:00:02]} Kxf7 {[%emt 0:00:00]} 29. Nc4 {[%emt 0:00:02]}
Ra4 {[%emt 0:00:04]} 30. Rc6 {[%emt 0:00:04]} Kf6 {[%emt 0:00:05]} 31. Kf1 {
[%emt 0:00:03]} Nf4 {[%emt 0:00:02]} 32. Ke1 {[%emt 0:00:02]} Ke7 {[%emt 0:00:
03]} 33. Rc7+ {[%emt 0:00:02]} Kd8 {[%emt 0:00:01]} 34. Rc6 {[%emt 0:00:06]}
Kd7 {[%emt 0:00:01]} 35. Rd6+ {[%emt 0:00:01]} Ke7 {[%emt 0:00:01]} 36. Rd4 {
[%emt 0:00:02]} e5 {[%emt 0:00:02]} 37. Re4 {[%emt 0:00:01]} Kf6 {[%emt 0:00:
01]} 38. Kd2 {[%emt 0:00:02]} Ne6 {[%emt 0:00:02]} 39. Kc3 {[%emt 0:00:02]} Nd4
{[%emt 0:00:04]} 40. Rxd4 exd4+ 41. Kxd4 0-1

[Event "GER-ch Blitz 2019"]
[Site "Magdeburg"]
[Date "2019.05.25"]
[Round "16.4"]
[White "Barzen, Pascal"]
[Black "Koch, Thomas"]
[Result "1/2-1/2"]
[WhiteElo "2292"]
[BlackElo "2474"]
[Annotator "ChessBase"]
[PlyCount "72"]
[EventDate "2019.05.25"]
[EventType "tourn"]
[EventCountry "GER"]
[Tiebreak "Number of wins+Number of black wins"]
[SourceTitle "playchess.com"]
[Source "ChessBase"]
[SourceQuality "1"]
[TimeControl "180+2"]

1. e4 {[%emt 0:00:00]} c5 {[%emt 0:00:00]} 2. Nc3 {[%emt 0:00:00]} Nc6 {
[%emt 0:00:00]} 3. g3 {[%emt 0:00:00]} g6 {[%emt 0:00:01]} 4. Bg2 {[%emt 0:00:
01]} Bg7 {[%emt 0:00:01]} 5. d3 {[%emt 0:00:00]} d6 {[%emt 0:00:01]} 6. f4 {
[%emt 0:00:01]} Nf6 {[%emt 0:00:03]} 7. Nf3 {[%emt 0:00:01]} O-O {[%emt 0:00:
02]} 8. O-O {[%emt 0:00:01]} Rb8 {[%emt 0:00:01]} 9. h3 {[%emt 0:00:02]} b5 {
[%emt 0:00:03]} 10. Be3 {[%emt 0:00:01]} b4 {[%emt 0:00:04]} 11. Ne2 {[%emt 0:
00:05]} Nd7 {[%emt 0:00:06]} 12. Rb1 {[%emt 0:00:10]} Qa5 {[%emt 0:00:08]} 13.
d4 {[%emt 0:00:03]} cxd4 {[%emt 0:00:07]} 14. Nexd4 {[%emt 0:00:02]} Bb7 {
[%emt 0:00:09]} 15. Nxc6 {[%emt 0:00:03]} Bxc6 {[%emt 0:00:02]} 16. Nd4 {
[%emt 0:00:01]} Bb7 {[%emt 0:00:06]} 17. Nb3 {[%emt 0:00:15]} Qa4 {[%emt 0:00:
02]} 18. Bd4 {[%emt 0:00:01]} e5 {[%emt 0:00:12]} 19. Be3 {[%emt 0:00:02]} Qa6
{[%emt 0:00:15]} 20. f5 {[%emt 0:00:12]} Nf6 {[%emt 0:00:06]} 21. Nd2 {[%emt 0:
00:38]} d5 {[%emt 0:00:05]} 22. fxg6 {[%emt 0:00:20]} hxg6 {[%emt 0:00:05]} 23.
Bg5 {[%emt 0:00:04]} Nxe4 {[%emt 0:00:03]} 24. Nxe4 {[%emt 0:00:01]} dxe4 {
[%emt 0:00:01]} 25. Kh2 {[%emt 0:00:13]} f6 {[%emt 0:00:05]} 26. Be3 {[%emt 0:
00:05]} Rfd8 {[%emt 0:00:01]} 27. Qg4 {[%emt 0:00:01]} f5 {[%emt 0:00:04]} 28.
Qh4 {[%emt 0:00:01]} Rbc8 {[%emt 0:00:10]} 29. Rfd1 {[%emt 0:00:03]} Rxd1 30.
Rxd1 {[%emt 0:00:01]} Qe2 {[%emt 0:00:31]} 31. Rd7 {[%emt 0:00:19]} Qxe3 {
[%emt 0:00:14]} 32. Qe7 {[%emt 0:00:11]} Qh6 {[%emt 0:00:03]} 33. Rxb7 {
[%emt 0:00:09]} Rxc2 {[%emt 0:00:02]} 34. Qf7+ {[%emt 0:00:38]} Kh7 {[%emt 0:
00:02]} 35. Kg1 {[%emt 0:00:11]} Rxb2 36. Rxa7 Qe3+ {[%emt 0:01:00]} 1/2-1/2

[Event "GER-ch Blitz 2019"]
[Site "Magdeburg"]
[Date "2019.05.25"]
[Round "16.5"]
[White "Baskin, Robert"]
[Black "Hebbinghaus, Holger"]
[Result "1-0"]
[WhiteElo "2398"]
[BlackElo "2310"]
[Annotator "NA"]
[PlyCount "81"]
[EventDate "2019.05.25"]
[EventType "tourn"]
[EventCountry "GER"]
[Tiebreak "Number of wins+Number of black wins"]
[SourceTitle "playchess.com"]
[Source "ChessBase"]
[SourceQuality "1"]
[TimeControl "180+2"]

1. d4 {[%emt 0:00:00]} d5 {[%emt 0:00:00]} 2. Bf4 {[%emt 0:00:00]} Nf6 {
[%emt 0:00:01]} 3. e3 {[%emt 0:00:00]} e6 {[%emt 0:00:01]} 4. Nd2 {[%emt 0:00:
03]} Bd6 {[%emt 0:00:01]} 5. Bg3 {[%emt 0:00:01]} b6 {[%emt 0:00:06]} 6. c3 {
[%emt 0:00:01]} O-O {[%emt 0:00:03]} 7. Ngf3 {[%emt 0:00:01]} c5 {[%emt 0:00:
02]} 8. Bd3 {[%emt 0:00:03]} Ba6 {[%emt 0:00:03]} 9. Bxa6 {[%emt 0:00:02]} Nxa6
{[%emt 0:00:01]} 10. O-O {[%emt 0:00:02]} Bxg3 {[%emt 0:00:13]} 11. hxg3 {
[%emt 0:00:01]} Nc7 {[%emt 0:00:06]} 12. a4 {[%emt 0:00:03]} Qd6 {[%emt 0:00:
12]} 13. a5 {[%emt 0:00:02]} b5 {[%emt 0:00:04]} 14. Qe2 {[%emt 0:00:21]} a6 {
[%emt 0:00:09]} 15. e4 {[%emt 0:00:01]} dxe4 {[%emt 0:00:13]} 16. Nxe4 {
[%emt 0:00:02]} Nxe4 {[%emt 0:00:13]} 17. Qxe4 {[%emt 0:00:01]} Nd5 {[%emt 0:
00:08]} 18. Rfd1 {[%emt 0:00:13]} cxd4 {[%emt 0:00:41]} 19. Rxd4 {[%emt 0:00:
02]} h6 {[%emt 0:00:08]} 20. Rad1 {[%emt 0:00:03]} Qc7 {[%emt 0:00:09]} 21. g4
{[%emt 0:00:02]} Nf6 {[%emt 0:00:11]} 22. Qe5 {[%emt 0:00:02]} Qxe5 23. Nxe5 {
[%emt 0:00:03]} Nd5 {[%emt 0:00:16]} 24. Nd7 {[%emt 0:00:02]} Rfe8 {[%emt 0:00:
09]} 25. Nb6 {[%emt 0:00:08]} Nxb6 {[%emt 0:00:02]} 26. axb6 {[%emt 0:00:01]}
Rab8 {[%emt 0:00:05]} 27. Rd6 {[%emt 0:00:01]} a5 {[%emt 0:00:05]} 28. Rc6 {
[%emt 0:00:09]} Rb7 {[%emt 0:00:05]} 29. b3 {[%emt 0:00:29]} Reb8 {[%emt 0:00:
03]} 30. Rdd6 {[%emt 0:00:02]} a4 {[%emt 0:00:03]} 31. bxa4 {[%emt 0:00:08]}
bxa4 {[%emt 0:00:01]} 32. c4 {[%emt 0:00:20]} a3 33. c5 {[%emt 0:00:01]} a2 {
[%emt 0:00:09]} 34. Rd1 {[%emt 0:00:01]} Rd7 {[%emt 0:00:03]} 35. Ra1 {[%emt 0:
00:04]} Ra8 {[%emt 0:00:02]} 36. Rd6 {[%emt 0:00:14]} Rxd6 {[%emt 0:00:11]} 37.
cxd6 {[%emt 0:00:02]} f5 {[%emt 0:00:10]} 38. d7 {[%emt 0:00:14]} Rd8 {[%emt 0:
00:02]} 39. b7 {[%emt 0:00:03]} Kf7 {[%emt 0:00:02]} 40. Rxa2 {[%emt 0:00:01]}
Ke7 {[%emt 0:00:01]} 41. Ra8 {[%emt 0:00:01]} 1-0